000 00915nam a2200241 a 4500
001 83455
003 BD-RjUL
005 20240324112328.0
008 240324s1976 us a|||| m||| 00| 0 eng d
035 _a(BD-RjUL)83455
040 _aBD-RjUL
_beng
_cBD-RjUL
_dBD-RjUL
041 _aeng
082 _223
_a530.41
_bKHS 1976
100 _aKhan, Mohammad Sayedur Rahman
_912497
245 1 0 _aStudies of the Growth Structure and Some Electrical Proporties of heavy rare earth Dihydride films /
_cBy Mohammad Sayedur Rahman Khan
_6Supervisor : R. F. Miller
260 _aRajshahi :
_bDepartment of Physics, Royel Hollouny College,
_c1976
300 _a220 Leaves :
_bill, ;
_c29 cm.
502 _aThesis (Ph. D.) -- Department of Physics, Royel Hollouny College, 1976
504 _aReferences : Leaves 194-199
650 _aPhysics
_vSolid-State
_95304
700 _aMiller, R. F. Supervisor
_912498
942 _2ddc
_cTHE
999 _c83455
_d83455